| 000 | 00000nam##2200000za#4500 |
| 001 | 9.572367 |
| 003 | CaOODSP |
| 005 | 20210929082754 |
| 007 | cr ||||||||||| |
| 008 | 150406|1999||||xxc|||||o f|0| 0 eng|d |
| 040 | |aCaOODSP|beng |
| 043 | |an-cn--- |
| 086 | 1 |aFo29-47/15-1999E-PDF |
| 110 | 1 |aCanada. |bNatural Resources Canada. |bCanadian Forest Service. |
| 245 | 10|aCalcareous soils|h[electronic resource]|c[by] B. Kishchuk, D. Maynard and M. Curran. |
| 260 | |aVictoria - British Columbia : |bNatural Resources Canada. |cJune 1999. |
| 300 | |a4p.|btables, photographs |
| 490 | 1 |aTechnology transfer note|vNo. 15 |
| 500 | |aThe catalogue number (Fo29-47/15-1999E) and ISBN (0-662-27929-8) for the print edition have been incorrectly copied in this electronic publication. |
| 504 | |aBibliography. |
| 590 | |a11-30-Supp|b2011-12-02 |
| 690 | 07|aSoil|2gcpds |
| 690 | 07|aForests|2gcpds |
| 720 | 1 |aKishchuk, B. |
| 720 | 1 |aMaynard, D. |
| 720 | 1 |aCurran, M. |
| 776 | 0#|tCalcareous soils|w(CaOODSP)9.614859 |
| 830 | #0|aTechnology transfer note ;|vNo. 15|w(CaOODSP)9.504768 |
| 856 | 40|ahttp://publications.gc.ca|qPDF|s121 KB|uhttps://publications.gc.ca/collections/Collection/Fo29-47-15-1999E.pdf|yNo. 15 |